Aprendo y construyo futuro, informa de sistematización de prendizaje. Quisqueya aprende contigo. Plan nacional de alfabetización / Francisco Cabrera / OEI / MINERD (Record no. 10885)
[ view plain ]
| 000 -LEADER | |
|---|---|
| campo de control de longitud fija | 00521nam a2200157Ia 4500 |
| 001 - NÚMERO DE CONTROL | |
| campo de control | 4122 |
| 008 - DATOS DE LONGITUD FIJA--INFORMACIÓN GENERAL | |
| campo de control de longitud fija | 241024s9999 xx 000 0 und d |
| 020 ## - NÚMERO INTERNACIONAL ESTÁNDAR DEL LIBRO | |
| Número Internacional Estándar del Libro | 978-9945-9010-9-2 |
| 082 ## - NÚMERO DE LA CLASIFICACIÓN DECIMAL DEWEY | |
| Número de clasificación | 374/C117a/2016 |
| 100 ## - ENTRADA PRINCIPAL--NOMBRE DE PERSONA | |
| Nombre de persona | Francisco Cabrera |
| 245 #0 - MENCIÓN DEL TÍTULO | |
| Título | Aprendo y construyo futuro, informa de sistematización de prendizaje. Quisqueya aprende contigo. Plan nacional de alfabetización / Francisco Cabrera / OEI / MINERD |
| 260 ## - PUBLICACIÓN, DISTRIBUCIÓN, ETC. | |
| Nombre del editor, distribuidor, etc. | Santo Domingo |
| Fecha de publicación, distribución, etc. | 2016 |
| 590 ## - NOTA LOCAL (RLIN) | |
| Nota local | si |
| 901 ## - ELEMENTOS DE DATOS A LOCAL LDA (RLIN) | |
| a | 2/8/2016 11:55:48 a.m. |
No items available.